000 00646nam a2200241Ia 4500
003 OSt
005 20220928104731.0
006 a|||||r|||| 00| 0
007 ta
008 220927b |||||||| |||| 00| 0 eng d
024 _a49110
037 _cTextual
040 _aSDCL
_cSDCL
_beng
041 _2eng
_aeng
082 _aO152,1N3:g, PO
100 _aGupta Jagdish Ed.
_9411742
245 0 _aNaye kavita
_b Rachna paksha.
250 _a1st/2000
260 _aAllahabad
_bLokbharti Prakashan
_c2000
300 _a300p.
_ccm.
942 _hO152,1N3:g, PO
_cTEXL
_2CC
999 _c727453
_d727453